=LDR 00000nam 2200000 4500 =001 INLIS000000000002261 =990 ##$$a 47.515,47.516,47.517/Pro.92 =005 20130612090620 =990 ##$$a 39.148,39.149/Pb.91 =008 ***********************************Ind** =990 ##$$a 83.722,83.724/Pro.95 =035 ##$$0010-061300000002261 =990 ##$$a DW99004766 =041 ##$$a Ind =990 ##$$a DW99004767 =082 ##$$a 930.959 851 =990 ##$$a DW99004768 =090 ##$$a 930.959 851, Zam =990 ##$$a DW99004769 =245 ##$$a Zaman Bali kuno, Tim penyusun,Y.Achadiati S...[et al.] =260 ##$$a 1988 $b Jakarta =300 ##$$a 32 hlm, ilus, 21x24 cm =650 ##$$a Peradaban =650 ##$$a Bali =700 ##$$a Akhadiati S.,Y =850 ##$$a NBPNMAT